Avtomatizacija Metodologičeskije i social'nyje problemy
Na minha lista:
| Formato: | Livro |
|---|---|
| Idioma: | russo |
| Publicado em: |
Leningrad
Universitet
1987
|
| Edição: | 1. izd. |
| Tags: |
Sem tags, seja o primeiro a adicionar uma tag!
|
MARC
| LEADER | 00000nam a2200000 4500 | ||
|---|---|---|---|
| 001 | c024384 | ||
| 005 | 20260116065949.0 | ||
| 041 | 0 | |a rus | |
| 044 | |a RU | ||
| 245 | 1 | 0 | |a Avtomatizacija |b Metodologičeskije i social'nyje problemy |c Igor' Fedorovič Kefeli |
| 250 | |a 1. izd. | ||
| 264 | 1 | |a Leningrad |b Universitet |c 1987 | |
| 300 | |a 132 s. | ||